000 00551cam a2200217ua 4500
001 11097
008 190808n ii |||gr||||Z||||||asm
020 _a9789381784228
040 _cMAIN
041 _aasm
082 _a303.4
100 _aHimanta Borgohain,
_eAuthor.
245 _aSamajik paribartanar samajtattwa
_cBy Himanta Borgohain
250 _a4th rev. ed.
260 _aJorhat:
_bBidya bhawan,
_c2017.
300 _a275p.
653 _aSocial processes
653 _aSocial change
700 _aDhruba Hazarika,
_eAuthor.
942 _cBK
999 _c9973
_d9973